[Event "ProMoPro Open 2003"]
[Site "?"]
[Date "2003.09.08"]
[Round "3.19"]
[White "Hejl, Jaroslav"]
[Black "Chalupa, Ivan"]
[Result "0-1"]
[WhiteElo "1709"]
[BlackElo "2086"]
[PlyCount "102"]
[EventDate "2003.09.06"]

1. d4 d5 2. c4 e6 3. cxd5 exd5 4. Nc3 c6 5. Nf3 Bd6 6. Bg5 f6 7. Bh4 Ne7 8. Bg3
Nf5 9. Qc2 Nxg3 10. hxg3 f5 11. e3 Be6 12. Bd3 Qf6 13. Nh4 g6 14. O-O-O Nd7 15.
f4 h5 16. Nf3 Ke7 17. Rhe1 Rhc8 18. Ng5 Kd8 {#} 19. e4 fxe4 20. Bxe4 Bg4 21.
Bxg6 Nf8 22. Bf7 Bxd1 23. Qxd1 h4 24. Be6 hxg3 25. Nf7+ Kc7 26. Nxd6 Qxf4+ 27.
Qd2 Qxd2+ 28. Kxd2 Kxd6 29. Bxc8 Rxc8 30. Re3 Ne6 31. Ne2 Rg8 32. Kc3 c5 33.
Kd3 Rg4 34. dxc5+ Nxc5+ 35. Kc2 d4 36. Nxd4 Rxd4 37. Rxg3 Rd2+ 38. Kc1 Rf2 39.
Rg6+ Kd5 40. Rg3 Ke4 41. Rg4+ Rf4 42. Rg7 a5 43. Rc7 Kd4 44. a3 a4 45. Rg7 Rf1+
46. Kc2 Rf2+ 47. Kb1 Kd3 48. Rc7 Rf1+ 49. Ka2 Nb3 50. Rc3+ Kd4 51. Rxb3 axb3+ {
bily se vzdal} 0-1

[Event "ProMoPro Open 2003"]
[Site "?"]
[Date "2003.09.08"]
[Round "3.20"]
[White "Horyna, Josef"]
[Black "Kalousek, Zdenek"]
[Result "1-0"]
[WhiteElo "2029"]
[BlackElo "1250"]
[PlyCount "97"]
[EventDate "2003.09.06"]

1. d4 Nf6 2. Nf3 e6 3. Bg5 d5 4. e3 Nbd7 5. Bd3 Be7 6. O-O O-O 7. Nbd2 c5 8. c4
cxd4 9. exd4 dxc4 10. Nxc4 b6 11. Rc1 Bb7 12. Qe2 h6 13. Bh4 Nd5 14. Bg3 Nb4
15. Bb1 Nf6 16. Rfd1 Rc8 17. Be5 Qd7 18. a3 Nbd5 19. h3 Rfd8 20. Nfd2 Rc6 21.
Rc2 Rdc8 22. Rdc1 Ba6 23. Qf3 Qd8 24. b4 Ne8 25. Qb3 Bxc4 26. Rxc4 Qd7 27. Qc2
Bg5 28. Rxc6 Rxc6 29. Qxc6 Qxc6 30. Rxc6 Bxd2 31. Rc8 Kf8 32. Bd6+ Ne7 33. Be4
g6 34. Bc6 Kg7 35. Bxe7 Nf6 36. Bxf6+ Kxf6 37. Rc7 a5 38. bxa5 bxa5 39. Be8 e5
40. Rxf7+ Ke6 41. dxe5 Kxe5 42. Rd7 Bc1 43. Bxg6 Bxa3 44. Bc2 Bb4 45. Kf1 Ke6
46. Rb7 Be7 47. f4 Bd6 48. Rb6 Ke7 49. f5 1-0

[Event "ProMoPro Open 2003"]
[Site "?"]
[Date "2003.09.08"]
[Round "3.21"]
[White "Kudela, Stanislav"]
[Black "Cabart, Pavel"]
[Result "0-1"]
[WhiteElo "2178"]
[BlackElo "1250"]
[PlyCount "126"]
[EventDate "2003.09.06"]

1. e4 c5 2. Nf3 d6 3. d4 cxd4 4. Nxd4 Nf6 5. Nc3 g6 6. Be2 Bg7 7. Be3 O-O 8. h4
Qa5 9. Nb3 Qc7 10. f3 Be6 11. Qd2 Nc6 12. g4 Rfd8 13. O-O-O Bxb3 14. axb3 Qa5
15. Kb1 Rac8 16. Na2 Qc7 17. Bd3 d5 18. Qg2 dxe4 19. fxe4 Ne5 20. g5 Nfg4 21.
Bf4 Qc5 22. Qe2 Nxd3 23. cxd3 Qd4 24. Rhg1 Ne5 25. Be3 Qd6 26. d4 Nc6 27. e5
Qd5 28. Rd3 Nxe5 29. Nc3 Qd7 30. Rdd1 Nc6 31. Qf2 Nb4 32. Rgf1 e6 33. Ne4 Nd5
34. Bd2 Qe7 35. Bc3 Nxc3+ 36. bxc3 Rc6 37. Rd2 Rb6 38. Rb2 a5 39. Nc5 Rc6 40.
Qf3 Rdc8 41. Rbf2 R8c7 42. Qg4 Qd6 43. h5 Rxc5 44. dxc5 Qd3+ 45. Ka2 Qxc3 46.
h6 Bd4 {#} 47. Qxe6 Qxc5 48. Qe8+ Qf8 49. Re2 Rc2+ 50. Kb1 Rb2+ 51. Kc1 Rxb3
52. Re7 Rc3+ 53. Kd1 Rc8 54. Qxf7+ Qxf7 55. Rfxf7 b5 56. Rc7 Re8 57. Rxh7 b4
58. Rhd7 Be5 59. Ra7 b3 60. Rxa5 Bc3 61. Rd2 Bxa5 62. h7+ Kh8 63. Kc1 Bxd2+ {
bily se vzdal} 0-1

[Event "ProMoPro Open 2003"]
[Site "?"]
[Date "2003.09.08"]
[Round "3.23"]
[White "Kriz, Pavel"]
[Black "Dlouhy, David"]
[Result "1/2-1/2"]
[WhiteElo "1792"]
[BlackElo "1974"]
[PlyCount "63"]
[EventDate "2003.09.06"]

1. e4 d6 2. d4 Nf6 3. Nc3 c6 4. Be2 g6 5. f4 Bg7 6. g4 e6 7. g5 Ng8 8. Nf3 d5
9. e5 Bf8 10. Be3 b6 11. Qd2 Ba6 12. O-O-O Qc8 13. h4 h5 14. gxh6 Bxe2 15. Qxe2
Qa6 16. Qg2 Nd7 17. h5 gxh5 18. Rxh5 Rxh6 19. Rdh1 Rg6 20. Rg5 Ne7 21. Rxg6
Nxg6 22. Ng5 Ne7 23. Qh3 Nf5 24. Bf2 Bh6 25. Qh5 Bxg5 26. Qxg5 Nf8 27. Qf6 Qb7
28. Ne2 Qe7 29. Qxe7+ Nxe7 30. Ng3 Nfg6 31. Rh5 Kd7 32. Be3 {remis} 1/2-1/2

[Event "ProMoPro Open 2003"]
[Site "?"]
[Date "2003.09.08"]
[Round "3.24"]
[White "Horinek, Karel"]
[Black "Horak, Karel"]
[Result "0-1"]
[WhiteElo "1946"]
[BlackElo "1638"]
[PlyCount "56"]
[EventDate "2003.09.06"]

1. e4 c6 2. d4 d5 3. Nc3 dxe4 4. Nxe4 Nd7 5. Bc4 Ngf6 6. f3 e6 7. Ne2 Be7 8.
O-O O-O 9. Nf4 Nb6 10. Bb3 Qc7 11. Nd3 a5 12. c3 Nxe4 13. fxe4 c5 14. Bc2 cxd4
15. cxd4 Bd7 16. Bf4 Qd8 17. Ne5 Bb5 18. Rf3 Nc4 19. Nxc4 Bxc4 20. e5 f5 21.
exf6 Bxf6 22. Bxh7+ Kxh7 23. Be3 Qd5 24. Rc1 Rac8 25. Rc3 b6 26. Rh3+ Kg8 27.
Rh5 Qe4 28. a3 Bxd4 {bily se vzdal} 0-1

[Event "ProMoPro Open 2003"]
[Site "?"]
[Date "2003.09.08"]
[Round "3.25"]
[White "Steinhauser, Antonin"]
[Black "Krivanek, Vladimir"]
[Result "0-1"]
[WhiteElo "1913"]
[BlackElo "1744"]
[PlyCount "104"]
[EventDate "2003.09.06"]

1. e4 d6 2. d4 Nf6 3. Nc3 Nbd7 4. Be3 e6 5. Bc4 Nb6 6. Bb3 d5 7. e5 Nfd7 8. Nf3
Bb4 9. Bg5 Bxc3+ 10. bxc3 f6 11. exf6 Nxf6 12. Ne5 O-O 13. O-O Qd6 14. a4 Ne4
15. Bc1 Nd7 16. Ba3 c5 17. Nxd7 Qxd7 18. f3 Nd6 19. dxc5 Nf5 20. c6 Qc7 21.
Bxf8 Ne3 22. Qe1 Nxf1 23. Ba3 Qxh2+ 24. Kxf1 bxc6 25. Qf2 Ba6+ 26. Ke1 Qh1+ 27.
Kd2 Qxa1 28. Bc1 Bc4 29. Qe3 Re8 30. Qxa7 Bxb3 31. Qd7 Rf8 32. Qxe6+ Kh8 33.
Qd6 Rg8 34. cxb3 Qa2+ 35. Kd3 Qb1+ 36. Kd2 Qxb3 37. Qxc6 Qa2+ 38. Kd3 Qxg2 39.
Qxd5 Qf1+ 40. Kc2 Qe2+ 41. Bd2 Qa6 42. Qb5 Ra8 43. Kb3 Qc8 44. Bf4 Ra7 45. Kc2
Rf7 46. Be5 Rxf3 47. a5 Qa8 48. Qa4 h5 49. a6 Rf2+ 50. Kc1 Qd8 51. Kb1 Qb6+ 52.
Qb4 Qg6+ {bily se vzdal} 0-1

[Event "ProMoPro Open 2003"]
[Site "?"]
[Date "2003.09.08"]
[Round "3.26"]
[White "Voglova, Eva"]
[Black "Hybl, Vladislav"]
[Result "1-0"]
[WhiteElo "1657"]
[BlackElo "1827"]
[PlyCount "66"]
[EventDate "2003.09.06"]

1. d4 f5 2. c4 Nf6 3. Nc3 e6 4. g3 d5 5. Nf3 c6 6. cxd5 exd5 7. Bg2 Bd6 8. O-O
O-O 9. Rb1 Nbd7 10. b4 Ne4 11. Qc2 Ndf6 12. a4 Nxc3 13. Qxc3 Ne4 14. Qd3 a6 15.
Bd2 Qe7 16. Rfc1 Nxd2 17. Qxd2 f4 18. b5 axb5 19. axb5 fxg3 20. hxg3 Bd7 21.
bxc6 bxc6 22. Rb7 Rfb8 23. Qb2 Rxb7 24. Qxb7 Rb8 25. Qa7 Kf7 26. e3 Bxg3 27.
fxg3 Qxe3+ 28. Kh2 Qh6+ 29. Nh4 Rd8 30. Rf1+ Kg8 31. Qc7 Qg5 32. Bh3 Be8 33.
Be6+ Bf7 {cerny se vzdal} 1-0

[Event "ProMoPro Open 2003"]
[Site "?"]
[Date "2003.09.08"]
[Round "3.27"]
[White "Pribyl, Josef"]
[Black "Steinhauser, Dominik"]
[Result "1-0"]
[WhiteElo "2393"]
[BlackElo "1793"]
[PlyCount "49"]
[EventDate "2003.09.06"]

1. d4 Nf6 2. Nf3 g6 3. Nc3 Bg7 4. e4 d6 5. Bc4 O-O 6. Qe2 Nbd7 7. e5 dxe5 8.
dxe5 Ne8 9. e6 fxe6 10. Ng5 Ne5 11. Bxe6+ Kh8 12. f4 h6 13. h4 Nc6 14. Nf7+
Rxf7 15. Bxf7 Nf6 16. Bxg6 Bg4 17. Qd3 Qf8 18. Be3 Rd8 19. Qb5 Rb8 20. O-O e6
21. Rae1 a6 22. Qc4 Rd8 23. Bc5 Qg8 24. f5 exf5 25. Qxg8+ {cerny se vzdal} 1-0

[Event "ProMoPro Open 2003"]
[Site "?"]
[Date "2003.09.08"]
[Round "3.28"]
[White "Erneker, Josef"]
[Black "Steinhauser, Frantisek"]
[Result "0-1"]
[WhiteElo "1990"]
[BlackElo "1763"]
[PlyCount "80"]
[EventDate "2003.09.06"]

1. c4 Nf6 2. Nc3 g6 3. g3 Bg7 4. Bg2 O-O 5. e4 d6 6. Nge2 e5 7. O-O Nc6 8. h3
Be6 9. d3 Nd4 10. Be3 c5 11. f4 Qd7 12. Kh2 a6 13. Nd5 Qd8 14. Qd2 Nxd5 15.
cxd5 Bd7 16. fxe5 Bxe5 17. Nxd4 cxd4 18. Bf4 f6 19. Qb4 Bb5 20. Qb3 Rb8 21. Rf2
Qe7 22. a4 Bd7 23. Raf1 f5 24. Bxe5 Qxe5 25. Qb4 b5 26. a5 fxe4 27. dxe4 Rxf2
28. Rxf2 Rf8 29. Rd2 d3 30. Qc3 Qxc3 31. bxc3 Rc8 32. Rxd3 Rc4 33. Re3 Kf8 34.
e5 dxe5 35. d6 Ra4 36. Rxe5 Ra2 37. Kg1 Rd2 38. Rd5 Rxg2+ 39. Kxg2 Bc6 40. d7
Bxd5+ {bily se vzdal} 0-1

[Event "ProMoPro Open 2003"]
[Site "?"]
[Date "2003.09.08"]
[Round "3.29"]
[White "Cebis, Petr"]
[Black "Hampel, Rudolf"]
[Result "1/2-1/2"]
[WhiteElo "1852"]
[BlackElo "1757"]
[PlyCount "96"]
[EventDate "2003.09.06"]

1. e4 c5 2. f4 e6 3. Nf3 Nc6 4. Nc3 Nge7 5. Bb5 g6 6. O-O Bg7 7. e5 O-O 8. Ne4
Nf5 9. g4 Nfd4 10. Bxc6 dxc6 11. g5 b6 12. Qe1 h5 13. gxh6 Bxh6 14. Nf6+ Kg7
15. Qe4 Ba6 16. Rf2 Bb7 17. d3 Nxf3+ 18. Qxf3 Qe7 19. h4 Rh8 20. Qg4 Kf8 21.
Rg2 Qd8 22. Be3 Ke7 23. d4 cxd4 24. Rd1 c5 25. Rgd2 Qc7 26. Kh2 Qc6 27. Bg1
Rad8 28. h5 gxh5 29. Qh4 Qh1+ 30. Kg3 Rdg8+ 31. Nxg8+ Kf8 32. Qxh1 Rxg8+ 33.
Kh3 Bxh1 34. Bxd4 Bf3 35. Rf1 Bg4+ 36. Kh2 cxd4 37. Rxd4 Ke7 38. Rf2 Rd8 39.
Rxd8 Kxd8 40. Rd2+ Kc7 41. Kg3 Bf8 42. a3 a5 43. c3 Bc5 44. b4 axb4 45. axb4
Be7 46. b5 f6 47. Ra2 fxe5 48. Ra7+ Kd8 {remis} 1/2-1/2

[Event "ProMoPro Open 2003"]
[Site "?"]
[Date "2003.09.08"]
[Round "3.30"]
[White "Listopad, Martin"]
[Black "Kosar, Milan"]
[Result "1/2-1/2"]
[WhiteElo "1823"]
[BlackElo "1718"]
[PlyCount "56"]
[EventDate "2003.09.06"]

1. e4 c5 2. d4 cxd4 3. c3 dxc3 4. Nxc3 d6 5. Bc4 Nc6 6. Nf3 Nf6 7. Qb3 e6 8.
Bg5 Na5 9. Qa4+ Bd7 10. Bb5 Nc6 11. Qc2 Be7 12. O-O O-O 13. Rfd1 Qc7 14. Rac1
Rac8 15. Qd2 a6 16. Be2 Rfd8 17. Qf4 h6 18. Bh4 Ne5 {#} 19. Nd5 Nxd5 20. exd5
Ng6 21. Rxc7 Nxf4 22. Rxc8 Nxe2+ 23. Kf1 Rxc8 24. dxe6 Bb5 25. Bxe7 Nc3+ 26.
Ke1 Nxd1 27. Kxd1 fxe6 28. Nd4 e5 {remis} 1/2-1/2

[Event "ProMoPro Open 2003"]
[Site "?"]
[Date "2003.09.08"]
[Round "3.31"]
[White "Janota, Jiri"]
[Black "Kudrna, Jakub"]
[Result "0-1"]
[WhiteElo "1571"]
[BlackElo "1796"]
[PlyCount "66"]
[EventDate "2003.09.06"]

1. e4 e5 2. Nf3 Nf6 3. Nxe5 d6 4. Nf3 Nxe4 5. Qe2 Qe7 6. d3 Nf6 7. Nc3 Bg4 8.
Be3 Nc6 9. h3 Bd7 10. O-O-O O-O-O 11. g4 h6 12. Bf4 Re8 13. Qxe7 Nxe7 14. Bg2
Bc6 15. Rhe1 g5 16. Bh2 Bg7 17. Bh1 Nfd5 18. Nxd5 Bxd5 19. c4 Bc6 20. d4 f5 21.
d5 Bd7 22. Nd4 f4 23. Be4 Be5 24. f3 h5 25. Re2 hxg4 26. hxg4 Rh6 27. Bg1 a6
28. Rde1 c6 29. dxc6 bxc6 30. Nb3 Be6 31. Na5 Kc7 32. b3 Bc3 33. Bxc6 Nxc6 {
bily se vzdal} 0-1